000 00873nam0a22002531 4500
001 rc\4944530
005 20260407100405.0
021 _aRU
_bРг1081-66
035 _a(NLR Aleph) 008854681
090 _a8422773
_c8422773
100 _a20130426d1965 |||y0rusy50 ca
101 0 _arus
_aukr
_aeng
102 _aRU
105 _aa b |||||
200 1 _a[Каталог]
_fХарьк. гос. музей изобразит. искусства
210 _aКиев
_cМистецтво
_d1965
215 _a[76] с.
_cил.
_d11х17
300 _aТекст парал. на укр., рус. и англ. яз.
710 0 2 _aХарьковский музей изобразительного искусства
_9609701
_3RU\NLR\AUTH\8810054595
801 0 _aRU
_bNLR
_gpsbo
801 1 _aRU
_bELAR
_2rusmarc
852 _aNLR
_jЭ АлИс134/1-Х233
942 _cBOOK
980 _aNB